Statistiques concernant Culture Générale - Série 1550

Cliquez ici pour prendre le quiz!

Statistiques générales

  • Ce quiz a été pris 62 fois
  • Le résultat moyen est 4 sur 10

Statistiques - réponses

QuestionRéponse% Correct
Complétez la comptine : "Un, deux, trois, allons dans les bois. Quatre, cinq, six, cueillir des...cerises
95%
Avant de devenir une république indépendante en 1944, à quel pays l'Islande appartenait-elle ?Danemark
81%
À quel État de l'Océanie les îles Bounty appartiennent-elles ?Nouvelle-Zélande
56%
En quelle année s'est déroulée la première édition de l'opération estivale "Paris-Plage" ?2002
53%
En 1993, Catherine Deneuve et Daniel Auteuil sont frère et soeur dans le film : "Ma saison ...préférée
51%
Quel prénom est aussi, en musique, l'ensemble des notes contenues dans l'intervalle de huit degrés ?Octave
27%
Quel dieu romain a donné son nom à la symphonie numéro 41 de Mozart ?Jupiter
27%
En 1994, quel comédien, prénommé Jean, incarne Arturo dans le film de Philippe Lioret “Tombés du ciel” ?Jean Rochefort
22%
Quelle station balnéaire de Turquie a été construite sur le site de l'ancienne Halicarnasse ?Bodrum
15%
Entre quels grands lacs sont situées les chutes du Niagara ?Érié et Ontario
10%

Distribution des résultats

Percentile par nombre de réponses

% des personnes avec chaque résultat

Votre développement - résultats

Vous n’avez pas pris ce quiz